Ste manažér rešoektovaný alebo obľúbený?

11 detailov, ktoré pomôžu manažérovi vytvárať si pozitívne a produktívne vzťahy s kolegami, zabezpečiť si rešpekt a postarať sa o svoj osobnostný rozvoj.

Salvato in:
Dettagli Bibliografici
Autore principale: Boriková, Jana
Natura: Capitolo di libro
Lingua:slovacco
Soggetti:
Tags: Aggiungi Tag
Nessun Tag, puoi essere il primo ad aggiungerne!!

MARC

LEADER 00000naa a2200000 4500
001 0217087
005 20231120105031.3
041 0 |a slo 
044 |a SK 
245 1 0 |a Ste manažér rešoektovaný alebo obľúbený?  |c Jana Boriková 
520 |a 11 detailov, ktoré pomôžu manažérovi vytvárať si pozitívne a produktívne vzťahy s kolegami, zabezpečiť si rešpekt a postarať sa o svoj osobnostný rozvoj. 
610 2 0 |a manažéri 
610 2 0 |a zamestnanci 
610 2 0 |a vzťahy medziľudské 
610 2 0 |a úspech pracovný 
100 1 |a Boriková, Jana